[Event "Rubinstein Memorial-A 53rd"]
[Site "Polanica Zdroj"]
[Date "2017.08.25"]
[Round "7"]
[White "Hiszczynski, Jakub"]
[Black "Fus, Jakub"]
[Result "1/2-1/2"]
[WhiteElo "2005"]
[BlackElo "2127"]
[PlyCount "61"]
[EventDate "2017.08.19"]
[EventType "swiss"]
[EventRounds "9"]
[EventCountry "POL"]
[SourceTitle "CBM 180 Extra"]
[Source "ChessBase"]
[SourceDate "2017.10.06"]
[SourceVersion "1"]
[SourceVersionDate "2017.10.06"]
[SourceQuality "1"]

1. e4 c5 2. Nf3 e6 3. d4 cxd4 4. Nxd4 a6 5. c4 Nf6 6. Nc3 Bb4 7. Bd3 Nc6 8. Nxc6 dxc6 9. 0-0 e5 10. h3 0-0 11. Be3 Qe7 12. Na4 Nd7 13. a3 Bc5 14. Nxc5 Nxc5 15. b4 Ne6 16. c5 Rd8 17. Qc2 Nd4 18. Bxd4 Rxd4 19. Rfd1 Qg5 20. Kh1 Be6 21. Bf1 Rad8 22. Rxd4 Rxd4 23. Rd1 Qd8 24. Rxd4 Qxd4 25. Qd3 Qxd3 26. Bxd3 Kf8 27. g4 Ke7 28. Kg2 g5 29. f3 Bb3 30. Kf2 Kd7 31. Ke3 1/2-1/2

[Event "POL-chT3 Pomorskie"]
[Site "Poland"]
[Date "2013.02.03"]
[Round "3.9"]
[White "Hiszczynski, Jakub"]
[Black "Szymanowski, Mateusz"]
[Result "1-0"]
[WhiteElo "2018"]
[BlackElo "1849"]
[PlyCount "46"]
[EventDate "2013.01.13"]
[EventType "team-tourn"]
[EventRounds "9"]
[EventCountry "POL"]
[SourceTitle "EXT 2019"]
[Source "ChessBase"]
[SourceDate "2018.10.10"]
[SourceVersion "1"]
[SourceVersionDate "2018.10.10"]
[SourceQuality "1"]
[WhiteTeam "Kwidzyn MTS"]
[BlackTeam "Gdansk Gedania II"]
[WhiteTeamCountry "POL"]
[BlackTeamCountry "POL"]

1. c4 e5 2. Nc3 Nc6 3. Nf3 g6 4. d4 exd4 5. Nxd4 Bg7 6. Nb3 Nge7 7. e4 d6 8. Be2 0-0 9. 0-0 f5 10. exf5 Nxf5 11. Bf3 Kh8 12. c5 Ncd4 13. cxd6 Qxd6 14. Be4 c6 15. Nxd4 Qxd4 16. Bg5 Be6 17. Qc2 Qb4 18. Rad1 Nd4 19. Qd2 Nf5 20. Rfe1 Rae8 21. Bb1 Qd4 22. Qe2 Qc4 23. Qxc4 Bxc4 1-0

[Event "Kowalewo Pomorskie op-A"]
[Site "Kowalewo Pomorskie"]
[Date "2007.07.09"]
[Round "8"]
[White "Bokiej, Przemyslaw"]
[Black "Hiszczynski, Jakub"]
[Result "1/2-1/2"]
[WhiteElo "1996"]
[BlackElo "2010"]
[PlyCount "77"]
[EventDate "2007.07.04"]
[EventType "swiss"]
[EventRounds "9"]
[EventCountry "POL"]
[SourceTitle "CBM 119 Extra"]
[Source "ChessBase"]
[SourceDate "2007.09.04"]
[SourceVersion "1"]
[SourceVersionDate "2007.09.04"]
[SourceQuality "1"]

1. e4 e5 2. Nf3 Nc6 3. Bb5 a6 4. Bxc6 dxc6 5. 0-0 Bg4 6. h3 Bh5 7. g4 Bg6 8. Nxe5 Qf6 9. Nxg6 hxg6 10. Kg2 0-0-0 11. Nc3 Bd6 12. d3 g5 13. Rh1 Ne7 14. Qf3 Qg6 15. Qe3 f6 16. Qa7 Rh4 17. f3 Rdh8 18. Nd1 Rxh3 19. Rxh3 Rxh3 20. Kxh3 Qh6+ 21. Kg2 Qh2+ 22. Kf1 Qxc2 23. Be3 Qxd3+ 24. Kg2 Ng6 25. Nc3 Nh4+ 26. Kf2 Qc2+ 27. Ne2 Bg3+ 28. Kf1 Nxf3 29. Nd4 Nh2+ 30. Kg1 Qd3 31. Nf5 Qe2 32. Bf2 Bf4 33. Ng3 Bxg3 34. Bxg3 Nf3+ 35. Kh1 Qxe4 36. Qf2 Nd4+ 37. Qg2 Qxg4 38. Re1 b6 39. Re4 1/2-1/2

[Event "Raciborz op"]
[Site "Raciborz"]
[Date "2007.02.17"]
[Round "2"]
[White "Hiszczynski, Jakub"]
[Black "Janus, Przemyslaw"]
[Result "1-0"]
[WhiteElo "2000"]
[BlackElo "1742"]
[PlyCount "161"]
[EventDate "2007.02.17"]
[EventType "swiss"]
[EventRounds "9"]
[EventCountry "POL"]
[SourceTitle "EXT 2011"]
[Source "ChessBase"]
[SourceDate "2010.11.26"]
[SourceVersion "1"]
[SourceVersionDate "2010.11.26"]
[SourceQuality "1"]

1. e4 c5 2. Nf3 d6 3. d4 cxd4 4. Nxd4 Nf6 5. Nc3 g6 6. Be2 Bg7 7. Be3 Nc6 8. f3 0-0 9. Qd2 Nxd4 10. Bxd4 Be6 11. 0-0 a6 12. a4 Qc7 13. Rfd1 Rac8 14. Rac1 Nd7 15. Bxg7 Kxg7 16. Nd5 Bxd5 17. Qxd5 Qc5+ 18. Qd4+ Qxd4+ 19. Rxd4 Nc5 20. Rcd1 Ne6 21. Rc4 Nf4 22. Bf1 Rxc4 23. Bxc4 Rc8 24. Bb3 Kf6 25. c3 Rc6 26. g3 Ne6 27. Bd5 Rc7 28. Kf2 Nc5 29. a5 e6 30. Ba2 Ke7 31. Rd4 Nd7 32. Rc4 Rxc4 33. Bxc4 Ne5 34. Be2 Kd7 35. Ke3 Kc6 36. f4 Nd7 37. b4 Nf6 38. Kd4 Ne8 39. c4 Nc7 40. e5 d5 41. Bf3 b5 42. axb6 Kxb6 43. cxd5 Nxd5 44. Bxd5 exd5 45. Kxd5 Kb5 46. Kd6 Kxb4 47. Ke7 a5 48. Kxf7 a4 49. e6 a3 50. e7 a2 51. e8Q a1Q 52. Qe4+ Kb3 53. Qe6+ Kc2 54. Qc6+ Kd3 55. Qd6+ Kc4 56. Qf6 Qh1 57. Qh4 Qd5+ 58. Kg7 Qd7+ 59. Kg8 Qf5 60. Qxh7 Qg4 61. Kg7 g5 62. Qe4+ Kb3 63. Qd5+ Kc3 64. Qxg5 Qd7+ 65. Kg6 Qe8+ 66. Kh7 Qe4+ 67. f5 Kd3 68. Kg6 Qe8+ 69. Kg7 Qd7+ 70. Kh6 Qe8 71. Qg7 Qe3+ 72. Kg6 Qe4 73. h4 Qg4+ 74. Kh6 Qf3 75. f6 Qe3+ 76. Kh7 Qe5 77. f7 Qh5+ 78. Kg8 Qd5 79. h5 Ke4 80. h6 Kf5 81. h7 1-0

[Event "Przysiek U18"]
[Site "Przysiek"]
[Date "2006.09.27"]
[Round "6"]
[White "Zielinski, Stanislaw"]
[Black "Hiszczynski, Jakub"]
[Result "1-0"]
[WhiteElo "2095"]
[BlackElo "2024"]
[PlyCount "63"]
[EventDate "2006.09.24"]
[EventType "swiss"]
[EventRounds "9"]
[EventCountry "POL"]
[SourceTitle "EXT 2009"]
[Source "ChessBase"]
[SourceDate "2008.11.26"]
[SourceVersion "1"]
[SourceVersionDate "2008.11.26"]
[SourceQuality "1"]

1. e4 e6 2. d4 d5 3. Nc3 Nf6 4. e5 Nfd7 5. f4 c5 6. Nf3 Nc6 7. Be3 cxd4 8. Nxd4 Qb6 9. Na4 Qa5+ 10. c3 Nxd4 11. b4 Bxb4 12. Bxd4 Be7 13. Bd3 Nc5 14. Nxc5 Bxc5 15. 0-0 Bxd4+ 16. cxd4 0-0 17. Kh1 g6 18. g4 f6 19. exf6 Rxf6 20. f5 exf5 21. gxf5 gxf5 22. Bxf5 Bxf5 23. Rxf5 Qa6 24. Qf3 Raf8 25. Rg1+ Kh8 26. Qg4 Rg6 27. Rxf8+ Kg7 28. Qf3 Rxg1+ 29. Kxg1 Qg6+ 30. Kh1 Qb1+ 31. Qf1 Qe4+ 32. Rf3 1-0

[Event "Kowalewo Pomorskie op"]
[Site "Kowalewo Pomorskie"]
[Date "2006.07.??"]
[Round "1"]
[White "Banasik, Krzysztof"]
[Black "Hiszczynski, Jakub"]
[Result "1-0"]
[WhiteElo "2197"]
[BlackElo "2024"]
[PlyCount "89"]
[EventDate "2006.07.??"]
[EventType "swiss"]
[EventRounds "9"]
[EventCountry "POL"]
[SourceTitle "CBM 113 Extra"]
[Source "ChessBase"]
[SourceDate "2006.09.14"]
[SourceVersion "1"]
[SourceVersionDate "2006.09.14"]
[SourceQuality "1"]

1. e4 e5 2. Nf3 Nc6 3. Bc4 Bc5 4. c3 Nf6 5. d3 h6 6. b4 Bb6 7. 0-0 d6 8. Nh4 Ng4 9. Nf3 Nf6 10. Nbd2 0-0 11. Re1 Be6 12. Bb5 Ng4 13. Rf1 f5 14. Bc4 Bxc4 15. Nxc4 fxe4 16. dxe4 Qe7 17. a4 a6 18. Nxb6 cxb6 19. h3 Nf6 20. Be3 Qc7 21. Nd2 Ne7 22. Qb3+ Kh8 23. c4 Rac8 24. Rac1 Qc6 25. Qa3 Rcd8 26. Rc3 Nc8 27. Rb1 Nxe4 28. b5 Nxd2 29. bxc6 Nxb1 30. cxb7 Ne7 31. Qb3 Nxc3 32. Qxc3 Rd7 33. Bxb6 Rxb7 34. a5 Rc8 35. Qf3 Rd7 36. Qg4 Rb7 37. Qe6 Rc6 38. Qf7 Rc8 39. g3 Kh7 40. Kg2 Rc6 41. Bd8 Rcc7 42. Bxc7 Rxc7 43. Qf3 Rc6 44. Qf8 Nc8 45. Qf7 1-0

[Event "POL-ch U16"]
[Site "Leba"]
[Date "2004.04.03"]
[Round "10"]
[White "Gajdzica, Maciej"]
[Black "Hiszczynski, Jakub"]
[Result "1-0"]
[WhiteElo "2009"]
[BlackElo "2000"]
[PlyCount "47"]
[EventDate "2004.03.27"]
[EventType "swiss"]
[EventRounds "11"]
[EventCountry "POL"]
[SourceTitle "EXT 2005"]
[Source "ChessBase"]
[SourceDate "2004.11.15"]
[SourceVersion "1"]
[SourceVersionDate "2004.11.15"]
[SourceQuality "1"]

1. d4 d5 2. c4 dxc4 3. Nf3 Nf6 4. e3 e6 5. Bxc4 b6 6. 0-0 Bb7 7. Nc3 Be7 8. Re1 0-0 9. e4 c5 10. d5 exd5 11. exd5 Na6 12. Qe2 Nb4 13. Qxe7 Bxd5 14. Nxd5 Nfxd5 15. Qxd8 Raxd8 16. Re2 Rd7 17. Bg5 f6 18. Bh4 Rfd8 19. a3 Nc6 20. Rd1 Kf8 21. Red2 Nce7 22. Bb5 Rd6 23. Bg3 Re6 24. Bc4 1-0

[Event "POL-ch U16"]
[Site "Leba"]
[Date "2004.04.02"]
[Round "8"]
[White "Siembab, Bartosz"]
[Black "Hiszczynski, Jakub"]
[Result "1-0"]
[WhiteElo "2127"]
[BlackElo "2000"]
[PlyCount "53"]
[EventDate "2004.03.27"]
[EventType "swiss"]
[EventRounds "11"]
[EventCountry "POL"]
[SourceTitle "EXT 2005"]
[Source "ChessBase"]
[SourceDate "2004.11.15"]
[SourceVersion "1"]
[SourceVersionDate "2004.11.15"]
[SourceQuality "1"]

1. d4 Nf6 2. c4 e6 3. Nc3 b6 4. e4 Bb7 5. Bd3 Bb4 6. Qe2 d6 7. f4 c5 8. a3 cxd4 9. axb4 dxc3 10. bxc3 Nc6 11. Nf3 Qc7 12. 0-0 h6 13. Ba3 Nd7 14. Nd4 Nxd4 15. cxd4 0-0 16. g4 f5 17. exf5 Qc6 18. Qxe6+ Kh8 19. d5 Qc7 20. Qg6 Kg8 21. Bb2 Rf7 22. f6 Nxf6 23. Bxf6 Rxf6 24. Qh7+ Kf8 25. g5 Rf7 26. Rae1 Re7 27. Bg6 1-0

[Event "POL-ch U16"]
[Site "Leba"]
[Date "2004.03.29"]
[Round "3"]
[White "Surman, Martin"]
[Black "Hiszczynski, Jakub"]
[Result "1-0"]
[WhiteElo "1995"]
[BlackElo "2000"]
[PlyCount "79"]
[EventDate "2004.03.27"]
[EventType "swiss"]
[EventRounds "11"]
[EventCountry "POL"]
[SourceTitle "EXT 2005"]
[Source "ChessBase"]
[SourceDate "2004.11.15"]
[SourceVersion "1"]
[SourceVersionDate "2004.11.15"]
[SourceQuality "1"]

1. d4 Nf6 2. c4 e6 3. Nc3 d5 4. Bg5 Nbd7 5. e3 Be7 6. Nf3 a6 7. Bd3 dxc4 8. Bxc4 b5 9. Bd3 Bb7 10. 0-0 0-0 11. Rc1 c5 12. Bb1 cxd4 13. Nxd4 Rc8 14. f3 Qb6 15. Kh1 Bc5 16. a3 h6 17. Bh4 Rfd8 18. b4 Be7 19. e4 Ne5 20. Bf2 Bf8 21. f4 Ng6 22. Qb3 Qd6 23. e5 Bxg2+ 24. Kg1 Bd5 25. Nxd5 Qxd5 26. exf6 Rxc1 27. Rxc1 Qxb3 28. Nxb3 Nxf4 29. Kf1 gxf6 30. Nc5 f5 31. Bg3 Nd5 32. Ba2 f4 33. Bh4 Ne3+ 34. Ke2 Rd6 35. Ne4 Rd4 36. Rg1+ Bg7 37. Rxg7+ Kxg7 38. Bf6+ Kg6 39. Bxd4 Kf5 40. Bb1 1-0

[Event "Torun op"]
[Site "Torun"]
[Date "2002.??.??"]
[Round "2"]
[White "Hiszczynski, Jakub"]
[Black "Karpinski, Bartlomiej"]
[Result "0-1"]
[WhiteElo "2000"]
[BlackElo "1600"]
[PlyCount "28"]
[EventDate "2002.??.??"]
[EventType "swiss"]
[EventRounds "9"]
[EventCountry "POL"]
[SourceTitle "EXT 2007"]
[Source "ChessBase"]
[SourceDate "2006.11.23"]
[SourceVersion "1"]
[SourceVersionDate "2006.11.23"]
[SourceQuality "1"]

1. e4 c6 2. Nc3 d5 3. Nf3 Bg4 4. h3 Bh5 5. exd5 cxd5 6. Bb5+ Nc6 7. g4 Bg6 8. Ne5 Qd6 9. d4 a6 10. Ba4 b5 11. Nxb5 axb5 12. Nxc6 Qxc6 13. Bb3 e6 14. c3 Bd6 0-1

[Event "Torun op"]
[Site "Torun"]
[Date "2002.??.??"]
[Round "8"]
[White "Murawski, Wieslaw"]
[Black "Hiszczynski, Jakub"]
[Result "0-1"]
[WhiteElo "1800"]
[BlackElo "2000"]
[PlyCount "82"]
[EventDate "2002.??.??"]
[EventType "swiss"]
[EventRounds "9"]
[EventCountry "POL"]
[SourceTitle "EXT 2007"]
[Source "ChessBase"]
[SourceDate "2006.11.23"]
[SourceVersion "1"]
[SourceVersionDate "2006.11.23"]
[SourceQuality "1"]

1. e4 e6 2. d4 d5 3. Nd2 Nf6 4. e5 Nfd7 5. f4 c5 6. c3 Nc6 7. Ndf3 Qb6 8. Ne2 Be7 9. g3 cxd4 10. cxd4 f6 11. Bg2 0-0 12. a3 a5 13. Qa4 Qc7 14. 0-0 b5 15. Qc2 Qb6 16. Kh1 Ba6 17. exf6 Bxf6 18. Ne5 Ndxe5 19. dxe5 Be7 20. Be3 Qb7 21. Nd4 Nxd4 22. Bxd4 Rac8 23. Qd2 b4 24. Rfc1 Rxc1+ 25. Rxc1 bxa3 26. Qxa5 axb2 27. Rb1 Rc8 28. Qd2 Ba3 29. Bxb2 Qb3 30. Qa5 Bd3 31. Qxa3 Qxa3 32. Bxa3 Bxb1 33. Bh3 Be4+ 34. Kg1 Kf7 35. Bf1 Ra8 36. Bc5 Ra1 37. Kf2 Ra2+ 38. Kg1 Ke8 39. Bh3 Kd7 40. g4 g6 41. Bf2 Ra1+ 0-1